Normal view
MARC view
- David M.Himmelblau, James B. Riggs
Entry Personal Name
001 - CONTROL NUMBER
- control field: 127261
003 - CONTROL NUMBER IDENTIFIER
- control field: NUST
005 - DATE AND TIME OF LATEST TRANSACTION
- control field: 20241231093405.0
008 - FIXED-LENGTH DATA ELEMENTS
- fixed length control field: 241231|| aca||aabn | a|a d
040 ## - CATALOGING SOURCE
- Original cataloging agency: NUST
- Transcribing agency: NUST
100 ## - HEADING--PERSONAL NAME
- Personal name: David M.Himmelblau, James B. Riggs
670 ## - SOURCE DATA FOUND
- Source citation: Work cat.: (NUST)565348: David M.Himmelblau, James B. Riggs, Basic Principles and Calculations in Chemical Engineering /, 2009
